000 00618nam a22002537a 4500
003 UA-OsUOA
001 122698
007 ta
008 20170515b un ||||| |||| 00| 0 ukr d
100 _aMartin W.
090 _a24
942 _cBK
040 _aUA-OsUOA
_beng
_cUA-OsUOA
_dUA-OsUOA
245 _aRise of the Cults
300 _a148 p.
955 _a2
041 _aeng
080 _a24
591 _aП. Скорупський
260 _aSanta Ana
_bVision House
_c1980
650 7 _a2 Релігія. Теологія.
_2UDC
999 _c409151
_d409151